000 00231nam a2200085Ia 4500
245 0 _aVeterinarian
100 _a THOMAS, William Pleasantville, NY, [c.2009]
_975980
942 _cBK
008 210818s9999 xx 000 0 und d
999 _c431573
_d431572